| 000 | 00436nam a2200169 a 4500 | ||
|---|---|---|---|
| 005 | 20140414093840.0 | ||
| 008 | 071108s19uu xx uuu eng d | ||
| 050 |
_aVCD 791.43 _bDAV 2006 |
||
| 245 | _aThe Da Vinci code. | ||
| 260 |
_aSl : _bColumbia Pictures, _cc2006. |
||
| 300 | _a3 videodisk ; sd. col. ; in. | ||
| 650 | _aFilm. | ||
| 650 | _aFilm adaptation. | ||
| 650 | _aMotion pictures. | ||
| 942 | _cAVM | ||
| 999 |
_c109245 _d109245 |
||